Las reales audiencias indianas: fuentes y bibliografía

Сохранить в:
Библиографические подробности
Главный автор: Suárez, Santiago-Gerardo (Автор)
Формат:
Язык:испанский
Опубликовано: Caracas Academia Nacional de la Historia 1989
Серии:Biblioteca de la Academia Nacional de la Historia, 200
Предметы:
Метки: Добавить метку
Нет меток, Требуется 1-ая метка записи!

MARC

LEADER 00000nam a2200000 a 4500
001 UCV1987
003 CL-VaPUC
008 910730e19890000VE |||||||||||||||||spa|d
082 0 4 |a 340.016  |b SUA  |2 21 
100 0 |a Suárez, Santiago-Gerardo  |e author  |9 296170 
245 1 4 |a Las reales audiencias indianas: fuentes y bibliografía 
300 |a 516 p 
942 |c BK 
945 |d 19910730 00:00:00 
260 |a Caracas  |b Academia Nacional de la Historia  |c 1989 
650 0 |a Derecho Indiano  |9 256266 
650 0 |a Bibliografías   |9 257071 
583 |a last modification  |c 20161003 01:08:23  |k Rodrigo Vera 
490 0 |a Biblioteca de la Academia Nacional de la Historia, 200 
999 |c 209694  |d 209692 
952 |0 0  |1 0  |4 0  |6 340_016000000000000_SUA_1989  |7 0  |8 DER_HDC  |9 185303  |a BIBDER  |b BIBDER  |d 2019-11-14  |i 252807K  |o 340.016 SUA 1989  |p 252807K  |r 2023-01-25  |w 2019-11-14  |x Ubicación 4to Piso  |y BK  |z Estos recursos deben solicitarse con anticipación  |k DER